| 000 | 00431pam a2200169 a 4500 | ||
|---|---|---|---|
| 020 | _a0697358038 | ||
| 040 | _cDLC | ||
| 082 | 0 | 0 | _a500 WCB 1999 A028 Or. |
| 100 | 1 | _aTillery, Bill W. | |
| 245 | 1 | 0 | _aPhysical science / |
| 250 | _a4th ed. | ||
| 260 |
_aBoston : _bWCB/McGraw-Hill, _cc1999. |
||
| 300 |
_axii, 702 p. : _bcol. ill., col. maps ; _c28 cm. |
||
| 500 | _aIncludes index. | ||
| 650 | 0 | _aPhysical sciences. | |
| 942 | _cEK | ||
| 999 |
_c12910 _d12910 |
||